000 00854nam a2200241 a 4500
001 66720
003 BD-RjUL
005 20211209081554.0
008 170319s1988 stka bs 001 0 eng
020 _a0951377000
035 _a(BD-RjUL)66851
040 _aDLC
_cDLC
_dBD-RjUL
_beng
041 _aeng
082 0 0 _a338.10941
_223
_bROA 1988
100 1 _aRobinson, G. M.
_q(Guy Martin)
_9197507
245 1 0 _aAgricultural change :
_bgeographical studies of British agriculture /
_cGuy M. Robinson.
260 _aEdinburgh :
_bNorth British Pub.,
_c1988.
300 _axvi, 369 p. :
_bill. ;
_c23 cm.
504 _aIncludes bibliographical references (p. 313-352) and indexes.
650 0 _aAgriculture
_xEconomic aspects
_zGreat Britain
_xHistory.
_911325
650 0 _aAgricultural industries
_xLocation
_zGreat Britain
_xHistory.
_9197508
942 _2ddc
_cBK
999 _c66720
_d66720